00465nam a2200193Ia 4500008004100000020001800041050001400059100002000073245001900093245003800112245002000150260001500170260001600185260000900201300001600210300002700226300001000253500000800263170918s9999 xx 000 0 und d a9780439862677 bF982 2007 aFunke, Cornelia aGhosthunters : band the totally moldy baroness! / cCornelia Funke. aNew York : bScholastic, c2007 a131 pages : bcolored illustration ; c19cm. a810